[Event "Japfa Classic"]
[Site "Bali"]
[Date "2000.04.24"]
[Round "3"]
[White "Khalifman, Alexander"]
[Black "Gunawan, Ruben"]
[Result "1/2-1/2"]
[WhiteElo "2656"]
[BlackElo "2507"]
[Annotator "Ribli,Z"]
[PlyCount "105"]
[EventDate "2000.04.22"]
[EventType "tourn"]
[EventRounds "9"]
[EventCountry "INA"]
[EventCategory "16"]
[SourceTitle "CBM 077"]
[Source "ChessBase"]
[SourceDate "2000.07.27"]
[SourceVersion "1"]
[SourceVersionDate "2000.07.27"]
[SourceQuality "1"]

1. e4 c5 2. Nf3 e6 3. d4 cxd4 4. Nxd4 a6 5. Nc3 b5 {Diese aggressive
Fortsetzung ist in letzter Zeit sehr populär.} 6. Bd3 Qb6 7. Be3 Bc5 8. Be2 (8.
Nce2 Nf6 9. h3 Bb7 10. e5 Nd5 11. Qd2 (11. O-O Nc6 12. c3 Nxe3 13. fxe3 Nxe5
14. Ng3 Nxd3 15. Qxd3 O-O 16. Rae1 f5 {0-1 Hoiberg,N-Kveinys,A/Aarhus 1997/EXT
99 (33)}) 11... Nc6 12. Nxc6 Nxe3 13. Na5 Nxg2+ 14. Kd1 Bxf2 15. Nxb7 Ne3+ 16.
Kc1 Qxb7 17. Rh2 Nf1 {0-1 Nielsen,F-Aagaard,J/Copenhagen 1999/CBM 71 ext (17)})
8... Nc6 {Schwarz spielt die alte Fortsetzung - in der Variante mit 8...Bb7
bekommt Schwarz nach 9.a4! Probleme. (Das ist das letzter Wort in der
Eröffnungstheorie.)} (8... Bb7 9. a3 (9. Qd2 Ne7 10. O-O-O O-O 11. Kb1 Nbc6 12.
Nxc6 Bxc6 13. Bxc5 Qxc5 14. Qd4 Qxd4 15. Rxd4 f5 {0-1 Saravanan,V-Horvath,J/
Calcutta IND 2000/The Week in Chess 278 (24)}) (9. a4 $1 Nf6 10. axb5 axb5 11.
Rxa8 Bxa8 12. Ndxb5 Bxe3 13. fxe3 O-O 14. Qd3 $14) 9... Nc6 10. Nxc6 Bxc6 11.
Bxc5 Qxc5 12. O-O Nf6 13. Qd3 O-O 14. Bf3 a5 {0-1 Balogh,C-Fogarasi,T/Budapest
HUN 2000 (30)}) 9. Nxc6 dxc6 {Dieser natürliche Zug ist nicht schlecht, aber
der sofortige Läufertausch ist auch spielbar.} (9... Bxe3 10. fxe3 dxc6 11. Qd4
Qxd4 12. exd4 e5 13. d5 Ne7 14. O-O-O Bd7 15. dxc6 Nxc6 16. Nd5 Ra7 17. c3 Be6
18. Rd2 O-O 19. Rhd1 h6 20. Kb1 Rb8 21. Nb4 Nxb4 22. cxb4 Kh7 23. Rd6 a5 24.
bxa5 Rxa5 25. b3 b4 26. R1d2 Rb7 27. Rc6 {1/2-1/2 Blehm,P-Kengis,E/Cappelle la
Grande 1999/EXT 2000 (27)}) 10. Bxc5 Qxc5 11. Qd3 {Das ist Svidlers Idee,
zuerst in der Partie Svidler,P - Kasimdzhanov,R Hoogovens 1999 gespielt. Weiß
bereitet die lange Rochade vor und möchte anschließend Qg3 spielen.} (11. f4 e5
12. Qd3 $6 (12. f5 $11) 12... exf4 13. g3 Qe5 $1 14. O-O-O Be6 15. Qd6 Qxd6 16.
Rxd6 fxg3 17. Rxc6 Ne7 {Yermolinsky,A-Smirin,I/Philadelphia 73/(213) 1998/Inf
73/[Smirin,I] (25)}) 11... e5 (11... Nf6 12. O-O-O O-O 13. f4 e5 14. f5 a5 15.
g4 a4 16. g5 Nd7 17. Rd2 b4 18. Nd1 Ba6 19. Qxd7 Bxe2 20. Kb1 Bf3 {0-1 Peng
Xiaomin-Xu Jun/Udaipur IND 2000 (37)}) 12. O-O-O (12. Qg3 g6 (12... Kf8 $5) 13.
O-O-O Nf6 14. f4 Be6 15. f5 Bc8 16. Qh4 $14 {0-1 Svidler,P-Polgar,J/Frankfurt
1999/CBM 72 (66)}) 12... Be6 13. Qg3 {Weiß muss so spielen, sonst kommt 13...
Nf6 nebst 14...0-0.} Kf8 14. f4 {Weiß öffnet die Stellung am Königsflügel.
Dieser Zug schwächt zwar die weiße Bauernstruktur - der Pe4 wird isoliert -
dennoch ist dies die einzige Chance für Weiß, zu aktivem Spiel zu kommen.} exf4
15. Qxf4 Ne7 {[%csl Ye5][%cal Ge7g6,Gg6e5,Gg6f4] Der Springer strebt über g6
nach e5.} (15... Nf6 16. Rhf1 $36) 16. Rhf1 $14 {Es ist richtig, dass Schwarz
die bessere Bauernstruktur hat, aber er hat auch Probleme bei der Koordination
seiner Figuren. Der Rh8 ist eingeschlossen, und der König steht etwas unsicher
auf f8.} h5 {Schwarz möchte den Rh8 befreien und belässt den Springer auf e7,
von wo aus er den Pc6 verteidigt.} (16... Ng6 17. Qd6+ Qxd6 18. Rxd6 $36 {
[%csl Gd6]} Ne5 $4 {Positionell wäre dieser Zug gut, aber wegen der Fesslung
verliert Schwarz den Be6.} 19. Rxe6 $18) 17. Kb1 Kg8 {Schon jetzt hat Schwarz
die positionelle Drohung 18...Ng6 19.Qd6 Qxd6 20.Rxd6 Ne5 mit ausgezeichneter
Stellung.} (17... b4 18. Na4 Qa5 19. b3 $14) 18. Qd6 Qxd6 19. Rxd6 {[%csl Gd6]}
Rc8 (19... Rh6 20. Rfd1 $14) 20. Bd3 Ng6 {[#]} 21. Nd5 $5 {[%mdl 2048] Dieser
Zug ist schön, aber es droht noch nichts Konkretes.} h4 {Schwarz fürchtet die
weiße Aktivität am Damenflügel nicht - er entwickelt Gegenspiel am
Königsflügel.} (21... Rh6 $6 $11) (21... cxd5 22. exd5 Bg4 23. h3 Ne5 24. hxg4
Nxd3 25. cxd3 hxg4 26. Rxa6 $14) 22. Nb4 (22. Nb6 Rc7 $13) 22... Ne5 23. Nxa6
Rh6 {[%cal Re6a2,Rh6d6,Gh6g6,Gg6g2]} 24. b3 Rg6 $44 {Schwarz hat einen Bauern
weniger, aber sein Ne5 steht ausgezeichnet. Zudem hat er Gegenchancen am
Königsflügel, weil der Na6 weit von dort entfernt ist.} 25. Rf2 Kf8 {[%csl Rd6]
[%cal Gf8e7]} 26. Nc5 Ke7 27. Rd4 Ng4 {[%cal Rg4f2,Rg4h2]} 28. Rd2 (28. Re2
Nxh2 $13) 28... Nxh2 $13 {Die Stellung ist materiell wieder ausgeglichen -
Schwarz hat seine Mehrheit am Königsflügel, Weiß steht aktiver am Damenflügel.
Die Frage ist nur: wer ist schneller?} 29. e5 {[%cal Rd4h4,Rd3g6]} (29. a4 $2
h3 $1 30. gxh3 Nf3 $19 {[%cal Rf3d4,Rf3d2]}) 29... Rg4 30. Nxe6 (30. Rd6 h3 31.
gxh3 Rg1+ 32. Kb2 Nf3 33. Nxe6 Nxd2 34. Nd4 $44) 30... Kxe6 {[%csl Ge6]} (30...
fxe6 31. Be4 $14) 31. Rd6+ Kxe5 32. Rd7 f5 (32... Ke6 33. Ra7 $44 {Weiß hat
einen Bauern weniger, aber der schwarze König ist angreifbar, und der Nh2
steht etwas passiv.}) 33. Re2+ Kf6 34. Rd6+ Kg5 35. Ree6 {[%csl Rc6][%cal
Re6c6]} Kf4 $15 {Schwarz hat einen Bauern mehr, und sein Spiel am Königsflügel
wirkt gefährlicher als der weiße Druck gegen den Pc6.} (35... b4 36. Kb2 Kf4)
36. Rd4+ Kg5 {In Zeitnot verschafft sich Schwarz durch Zugwiederholung etwas
Luft.} (36... Kg3) 37. Rdd6 Kf4 38. Rd4+ {Der FIDE-Weltmeister wäre -
natürlich - zufrieden mit einem Remis.} Kg3 $1 $17 {Schwarz spielt aktiv und
gut. Weiß muss sich präzise verteidigen, um eine Niederlage zu vermeiden.} 39.
Rdd6 (39. Bxf5 $2 Rxd4 40. Rg6+ Rg4 41. Rxg4+ Nxg4 42. Bxc8 Ne3 43. a4 bxa4 44.
bxa4 Kxg2 45. a5 h3 46. Bxh3+ Kxh3 47. a6 Nd5 $19) 39... Rf8 (39... Rf4) 40.
Rxc6 (40. Re2 f4 41. Rxc6 f3 42. gxf3 Nxf3 $19 {[%csl Gh4][%cal Rf3d4,Rd4e2,
Rd4c6]}) 40... Kxg2 41. Bxb5 {Wir haben eine ungewöhnliche Stellung vor uns -
beide Spieler haben drei Freibauern. Der Unterschied aber ist groß, denn
Schwarz scheint viel schneller zu sein.} f4 (41... g5 $5 $19) 42. Rcd6 f3 43.
Bc6 Kh3 (43... Kg3 $17) 44. Re3 Rg3 45. Bd7+ Kg2 46. Bc6 {[%cal Gc6g2]} Ng4 (
46... g5 $1 47. a4 Kh3 48. Bd7+ g4 $19) 47. Re7 Nf2 $6 {Schwarz ist
"konsequent" und zieht nicht g7-g5. Danach wäre es für Weiß kaum noch möglich,
die schwarzen Freibauern aufzuhalten.} (47... g5 $5 $19) 48. Rd2 $1 {[%cal
Gc6g2,Gd2g2][%mdl 256] Ein guter Verteidigunsgzug in schwerer Stellung. Es
droht 49.Re2 mit Figurengewinn. Es ist jetzt nicht leicht für Schwarz, mit
seinen Freibauern voran zu kommen.} Rg6 (48... h3 $2 49. Ree2) 49. Bd5 Kg3 (
49... Kf1 50. Bc4+ Kg2 51. Re1 $132 {[%csl Rg2]}) (49... Kg1 $2 50. Re1+ Kg2
51. Ree2 $18) 50. Re1 Nh3 51. a4 f2 (51... Rh6 $5) 52. Rf1 Rff6 53. a5 $132
1/2-1/2

[Event "Japfa Classic"]
[Site "Bali"]
[Date "2000.04.29"]
[Round "7"]
[White "Khalifman, Alexander"]
[Black "Adianto, Utut"]
[Result "1-0"]
[WhiteElo "2656"]
[BlackElo "2584"]
[Annotator "Lukacs,P"]
[PlyCount "75"]
[EventDate "2000.04.22"]
[EventType "tourn"]
[EventRounds "9"]
[EventCountry "INA"]
[EventCategory "16"]
[SourceTitle "CBM 077"]
[Source "ChessBase"]
[SourceDate "2000.07.27"]
[SourceVersion "1"]
[SourceVersionDate "2000.07.27"]
[SourceQuality "1"]

1. e4 c6 2. d4 d5 3. e5 Bf5 4. Nc3 e6 5. g4 Bg6 6. Nge2 c5 7. Be3 Nc6 8. dxc5 {
In this sharp line White combines the threats on the << with the threats
against the g6 B.} Nxe5 9. Nd4 {White gives up his central P in order to use
his lead of development.} Nf6 (9... a6 $2 {loses precious time.} 10. f4 Nc4 (
10... Nc6 11. f5 Nxd4 12. Qxd4 $1 exf5 13. Qa4+ $18) 11. Bxc4 dxc4 12. f5 {
Other tries are also dangerous for Black.} (12. Qf3 $5 {ͅ 0-0-0} Bxc5 13.
O-O-O $1 (13. Nxe6 {allows Black to exchange queens.} Qh4+ 14. Qg3 Qxg3+ 15.
hxg3 fxe6 16. Bxc5 Bxc2 17. Bd4 Kf7 {^-}) 13... Qe7 14. f5 {White has to open
up the position for his better developed pieces.} exf5 15. Nxf5 Bxf5 16. Bxc5
Qxc5 17. gxf5 $16) (12. Qe2 Bxc5 13. O-O-O (13. Nxe6 {is again met by} Qh4+)
13... Qe7 14. Rhe1 Nf6 15. f5 {opening up the e <->.} exf5 16. Qxc4 $1 $16)
12... exf5 13. gxf5 Qe7 14. Kd2 {winning the piece.} O-O-O 15. fxg6 Qe5 $1 (
15... hxg6 $6 16. Qg4+ f5 (16... Kb8 17. Rhe1 $18) 17. Qxg6 Qe5 $1 18. Raf1 $1
Bxc5 19. Rxf5 Rxh2+ (19... Rxd4+ 20. Bxd4 Qxd4+ 21. Kc1 Qe3+ 22. Kb1 Ne7 23.
Qxg7 $18) 20. Rxh2 Qxh2+ 21. Kc1 $1 $18 {and the K is in safety, Van der
Wiel-Timman, Wijk aan Zee 1982.}) 16. gxf7 $1 Nh6 17. Nce2 Nf5 18. Qg1 Be7 19.
h4 $1 {bringing the R on the third rank.} Bxh4 20. Rh3 $16 {Van der Wiel}) (
9... Nc6 {is a logical developing move.} 10. Bb5 Rc8 (10... Nge7 {allows White
to continue his -> after} 11. f4 Qc7 {/\ 0-0-0} (11... h5 $5 12. g5 Qc7) 12.
Qe2 O-O-O 13. O-O-O (13. Bxc6 Nxc6 14. Ncb5 Qa5+ 15. c3 Be4 16. O-O h5 $13)
13... Nxd4 14. Rxd4 h5 (14... Nc6 15. Bxc6 Qxc6 16. b4 {Here White has real
threats on the <<.} h5 17. f5 exf5 18. gxh5 Bxh5 19. Qd3 $16) 15. f5 $1 e5 (
15... exf5 16. Bf4 $18) 16. Ra4 d4 {(Kosanski-Kostrun, Zagreb op 1999)} 17.
fxg6 $1 dxe3 (17... dxc3 18. gxf7 $16) 18. gxf7 $16) 11. Qe2 (11. f4 Bxc5)
11... h5 $1 {securing the position of the B and ruining White's P structure.}
12. O-O-O hxg4 13. Bf4 Be7 14. Rhe1 Qd7 15. Be5 Nf6 16. Bxf6 gxf6 17. Kb1 Kf8
18. Qxg4 f5 $15 {and Black's mighty P chain is a tough nut to crack,
Sherzer-Burger, New York op 1987.}) (9... Nd7 10. f4 (10. Nb3) (10. Bb5 $6 a6
11. Ba4 Bxc5 12. Nxe6 fxe6 13. Bxd7+ Qxd7 14. Bxc5 Nf6 15. Qe2 Rc8 16. Bd4 O-O
17. O-O-O b5 $17 {A.Biro-K.Berg, Budapest 1986}) 10... Bxc5 11. Bb5 (11. f5 e5
12. fxg6 exd4 13. gxf7+ Kxf7) 11... Ne7 12. Qe2 O-O 13. O-O-O a6 14. Bxd7 Qxd7
15. h4 Rac8 16. f5 $1 (16. h5 Be4 17. Nxe4 dxe4 18. h6 g6 19. Nf5 Nd5 20. Bxc5
Rxc5 21. Qxe4 {(Mortensen-Berg, DEN-ch Odense 1994} Rfc8 $17) 16... exf5 (16...
Bxd4 17. Bxd4) 17. h5 f4 $1 {saving the piece.} (17... fxg4 18. hxg6 fxg6 19.
Bg5 Rf7 20. Ne6 h6 21. Bxe7 Rxe7 22. Nxc5 Rxc5 23. Qd3 {and although Black has
a lot of pawns, they are rather weak.}) 18. hxg6 fxe3 19. gxh7+ Kh8 20. Qf3 f5
$13) (9... Rc8 10. f4 Nc6 $5 (10... Nc4 $2 {is feeble because of} 11. Bxc4 dxc4
12. f5 Bxc5 13. fxg6 hxg6 14. Bf2 (14. O-O {(Van der Sterren-Blow, Marbella zt
1982)} Rh3 $1 {and the K is in trouble, for example:} 15. Bf2 Qd6 $17) 14... e5
15. Ndb5 Bxf2+ 16. Kxf2 Qh4+ (16... Qb6+ 17. Kg2 $16) 17. Kg1 Rd8 18. Qe2 $16 {
and the black -> is repelled.})) (9... Ne7 {looks rather sophysticated.} 10. f4
N5c6 11. Ncb5 $1 Nc8 12. f5 $1 {Now the material loss is inevitable.} exf5 13.
gxf5 Qh4+ 14. Bf2 Qe4+ 15. Qe2 Bh5 16. Qxe4+ dxe4 17. Nxc6 bxc6 18. Nc7+ Kd7
19. Nxa8 Ne7 20. Bh3 $16 {Van der Wiel-Ljubojevic, Brussels blitz 1987}) 10. f4
Ned7 $2 {This looks safe, but it is too passive.} (10... Nexg4 {is the real
question with immense complications.} 11. Bb5+ Ke7 {The K is rather exposed,
but it is not so easy to open up the lines against him.} 12. Qe2 (12. Bg1 $2 {
is too slow.} Qc7 13. c6 b6 14. Qe2 (14. h3 Nh6 15. Qd2 Kd8 $17) 14... Qxf4 15.
c7 Ne4 16. Nc6+ Kd6 17. h3 Qg3+ {both kings are in a delicate situation.} 18.
Kf1 Qxc3 $1 19. Qxg4 Qxb2 20. a4 Qxa1+ ({or simply} 20... Kxc7 $19) 21. Kg2 {
(Braga-Timman, Mar del Plata 1982)} Qxg1+ $1 22. Rxg1 Kxc7 $19 {Timman}) 12...
Nxe3 (12... a6 $5) 13. Qxe3 Be4 14. c6 b6 15. O-O-O a6 16. Nxe4 axb5 {
Kotz-Schigan, AUT-chT 1995} (16... Nxe4 17. Bd3 Nc5 18. f5 $40) 17. Nxf6 gxf6
18. Rhe1 $14) (10... Nc6 11. Bb5) 11. f5 exf5 (11... e5 {is met by the
intermediate move} 12. c6 $1 (12. fxg6 exd4 13. gxf7+ Kxf7 14. Bxd4 Bxc5 {
allows Black to finish his development.}) 12... bxc6 (12... exd4 13. cxd7+ $18)
13. Nxc6 Qc7 14. Bb5 $18) 12. c6 bxc6 (12... Nxg4 13. cxd7+ Kxd7 14. Bf4 $40)
13. Nxc6 Qc7 (13... Qc8 14. Bb5 $1 a6 (14... fxg4 15. Qe2 $1 $40) 15. Ba4 (15.
Qe2 $2 axb5 $1 {and there is no good discovered check.}) 15... fxg4 (15... Bd6
16. Nxd5 Ne4 (16... Nxg4 17. Nf6+ Ngxf6 18. Qxd6 $18) 17. gxf5 Bxf5 18. Nd4 $16
) 16. O-O $1 {The black K is very vulnerable in the [+].} g3 (16... Qc7 17.
Nxd5 Nxd5 18. Qxd5 Qd6 19. Rad1 Qxd5 20. Rxd5) 17. Nxd5 gxh2+ 18. Kxh2 Bd6+ 19.
Bf4 $16) 14. Bb5 $1 {The N on c6 is extremely strong.} a6 {[#]} (14... f4 15.
Bd4 a6 16. Qe2+ Ne4 17. Ba4 Bc5 (17... f6 18. Nxd5 Qd6 19. Nc3 Qe6 20. Bb3 $18)
18. Bxg7 $16) 15. Qe2 $1 {Now White has real discoverd checks!} Qd6 (15... Ne4
16. Ba4 Qd6 17. Bd4 fxg4 18. Ne5 Rd8 (18... Bf5 19. O-O $18) 19. Nxe4 Bxe4 20.
O-O $16) 16. Ba4 f4 $2 {Now Black can exchange queens, but White will
penetrate on the <<.} (16... fxg4 $5 {was perhaps the most resilient answer.}
17. O-O-O $1 {White will attack the K in the middle by all of his forces. He
needs his rooks on the d and e lines for that.} Qe6 (17... Be4 18. Rhe1 Bf3 (
18... Qe6 {- 17..Qe6}) 19. Qf1 Be4 (19... Bxd1 20. Bf4+ Qe6 21. Rxe6+ fxe6 22.
Qxd1 $18) 20. Nxe4 Nxe4 21. Bf4 $18) 18. Rhe1 Ne4 (18... Be4 $2 19. Bg5 Bd6 (
19... Bf3 20. Qd3 Be4 21. Nxd5 $18) 20. Bxf6 $18) 19. Nxd5 Bd6 {Now Black is
threatening with 0-0.} 20. Nce7 {This is a funny move!} (20. Bf4 $5 {deserves
attention as well.} Bxf4+ 21. Nxf4 Qxa2 22. Qxe4+ $1 Bxe4 23. Rxe4+ Kf8 24.
Rxd7 g6 25. Bb3 Qa1+ 26. Kd2 Kg7 27. Rxf7+ Kh6 28. Ne6 $40) 20... f5 21. Bc5 $1
(21. Nxg6 {gives up that phantastic N.} hxg6 22. Qc4 Kf8 23. Bxd7 Qxd7 24. Nb6
Qf7 25. Rxd6 Qxc4 26. Nxc4 Nxd6 27. Bc5 Re8 28. Bxd6+ Kf7 29. Be5) 21... Rd8 (
21... Be5 22. Nxg6 hxg6 23. Qc4 Bf4+ 24. Kb1 Nd2+ 25. Ka1 Nxc4 26. Rxe6+ $18) (
21... Rb8 22. Bxd6 Qxd6 23. Nxg6 hxg6 24. Nc3 Qf4+ 25. Rd2 $1 $18) 22. Bxd6
Qxd6 23. Qc4 Kf8 24. Bxd7 Rxd7 25. Nxg6+ Qxg6 26. Nf4 Rxd1+ 27. Rxd1 Qe8 28.
Qc7 $18) (16... Qe6 $6 17. Nd4 Qe5 18. Nf3 (18. gxf5 Bh5 $1) 18... Qe6 19. gxf5
$1 Bxf5 (19... Qxf5 20. O-O-O Be7 (20... Qe6 21. Rhe1) 21. Bg5 Rd8 (21... Qe6
22. Rhe1 Qxe2 (22... Kd8 23. Nxd5 Nxd5 24. Bxe7+ Kxe7 25. Rxd5 $18) 23. Rxe2
$18) 22. Bxf6) 20. Nd4 Qe5 21. Nxf5 Qxf5 22. O-O-O $44) 17. Bxf4+ Qe6 18. g5 $1
{weakening >< d5} Qxe2+ (18... Ne4 {founders on the pin on the a4-e8 /^.} 19.
Ne5 Nxc3 20. bxc3 Rd8 21. Rb1 $18) (18... Nh5 19. Nxd5 ({or} 19. Be5 $5 f6 20.
gxf6 gxf6 21. Nxd5 $1 Qxd5 22. Bxf6+) 19... Qxe2+ 20. Kxe2 Nxf4+ 21. Nxf4 Nc5
22. Nxg6 hxg6 23. Bb3 $16 {with a healthy P up.}) 19. Kxe2 Nh5 (19... Ne4 20.
Nxd5 $18) 20. Be3 Bf5 (20... Bd6 21. Rad1 Nf4+ 22. Kf2 Nc5 23. Bxf4 Bxf4 24.
Nxd5 Nxa4 25. Nxf4 $16) 21. Nxd5 (21. Ne5 Bd6 22. Raf1 Bxe5 23. Rxf5 Bxc3 24.
bxc3 $16 {with an allmighty ^^.}) 21... Bd6 22. Kf2 Bh3 (22... Be4 23. Rhe1 f5
24. gxf6 Nhxf6 25. Nxf6+ Nxf6 (25... gxf6 26. Bd4) 26. Kg1 (26. Bd4 Ng4+) 26...
O-O 27. Rad1 $18) 23. Rad1 f6 (23... O-O 24. Nde7+ $18) 24. Nb6 $18 {
liquidating for a winning _|_. Further material losses are inevitable.} Nxb6
25. Bxb6 O-O 26. Rxd6 fxg5+ 27. Ke3 Rae8+ 28. Kd2 Nf6 29. Rd8 h5 30. Rxe8 Nxe8
31. Bc5 Rf4 32. Ne7+ Kf7 33. Bb3+ Be6 34. Bxe6+ Kxe6 35. Re1+ Kd7 36. Ng6 Rf5
37. Re7+ Kc6 38. Rxe8 1-0

[Event "Dortmund SuperGM"]
[Site "Dortmund"]
[Date "2000.07.07"]
[Round "1"]
[White "Anand, Viswanathan"]
[Black "Khalifman, Alexander"]
[Result "1-0"]
[WhiteElo "2762"]
[BlackElo "2667"]
[Annotator "Psakhis,L"]
[PlyCount "93"]
[EventDate "2000.07.07"]
[EventType "tourn"]
[EventRounds "9"]
[EventCountry "GER"]
[EventCategory "17"]
[SourceTitle "CBM 078"]
[Source "ChessBase"]
[SourceDate "2000.10.18"]
[SourceVersion "1"]
[SourceVersionDate "2000.10.18"]
[SourceQuality "1"]

1. e4 e6 2. d4 d5 3. Nc3 Bb4 4. e5 c5 5. a3 Ba5 {Brave Khalifman choose second
time this risky line against Anand and second time gets good position!} 6. b4
cxd4 7. Qg4 Ne7 8. bxa5 dxc3 9. Qxg7 Rg8 10. Qxh7 Nbc6 11. f4 Qxa5 (11... Bd7
12. Rb1 Qc7 13. Ne2 O-O-O 14. Qd3 d4 15. Ng3 Ng6 16. Be2 Nh4 17. O-O Ne7 {
[%csl Rg1][%cal Ge7f5] 0-1 Sulskis,S-Ivanov,T/Pardubice op 1996 (45)}) 12. Nf3
Bd7 13. Rb1 ({For some reasons white almost stop to play in this position} 13.
Ng5 $5 {with big complications} Rf8 (13... Rxg5 $5) 14. Rb1 O-O-O 15. Nxf7 Rxf7
16. Qxf7 Be8 17. Qxe6+ Bd7 18. Qf6 Bf5 19. e6 d4 20. Bd3 Bxd3 21. cxd3 c2+ 22.
Rb4 Nxb4 23. axb4 Qxb4+ 24. Ke2 Qc5 25. Qe5 Rd5 26. Qh8+ Kc7 27. Kf2 $16 {
1-0 Ernst,T-Djurhuus,R/Oslo open 1994 (38)}) 13... O-O-O 14. Qd3 a6 $146 (14...
d4 15. g3 (15. Ng5 Rxg5 16. fxg5 Nxe5 17. Qxd4 Nf5 18. Qb4 Qd5 19. Qxc3+ Bc6
20. Bd2 Nd4 21. Rd1 Qe4+ 22. Kf2 Ng4+ 23. Kg1 Ne2+ {0-1 Luedigk,R-Meslem,L/cr
1989 (23)}) 15... Nf5 16. Bg2 a6 17. O-O Qc5 18. Ng5 Be8 19. Ne4 Qa7 20. a4 Ne3
21. Bxe3 dxe3 22. Nd6+ Rxd6 23. exd6 {1-0 Nurkiewicz,M-Hindermann,F/Sas Van
Gent jr 1998 (23)}) (14... Nf5 15. Rg1 d4 16. g4 Nfe7 17. Rg3 Be8 18. h4 Nf5
19. Rg1 Ne3 20. Bxe3 dxe3 21. Qxe3 Ne7 22. Bc4 Bc6 23. Rb3 Kb8 24. Qxc3 Qc7 25.
Be2 Nd5 26. Qc4 Qa5+ 27. Kf2 Ba4 28. Rb2 Rc8 29. Qd4 $16 {Anand,V-Khalifman,A/
Linares 2000/ 1-0 (42)}) 15. Ng5 $6 ({It is intreresting what Khalifman
prepared against natural} 15. Rb3 $5 {Maybe we'll find answer in the third
encounter between same players?}) 15... Rxg5 $1 {Typical, but strong sacrifice}
(15... Be8 16. h4 {[%cal Gh4h7]}) 16. fxg5 Nf5 17. Bf4 Qxa3 $36 {[%cal Gc6b4]
It looks for me, that Black got more than enough compensation for exchange,
white position is very dangerous, but Anand can lose game but never head.} 18.
Rb3 (18. g4 Nb4 $1 19. Qd1 (19. Rxb4 Qxb4 20. gxf5 Qxf4 21. Qxc3+ Bc6 $19)
19... Nd4 20. Bd3 Ba4 $17) 18... Qa4 (18... Qa1+ 19. Kf2 d4 20. h4 $1 {[%csl
Gh4]}) 19. g3 d4 20. Be2 Na5 21. Rb1 Bb5 22. Rxb5 $1 {Obligatory move, White
can't resist after} (22. Qd1 Ne3 $40) 22... axb5 23. O-O Nc4 24. g4 Ne7 25. Bg3
{[%csl Gh2]} Nb2 $2 (25... Nc6 $5 $36 26. Rxf7 $140 $2 N4xe5 $19) ({It will be
interesting to see how Anand will defend after} 25... Ne3 $5 26. Rc1 ({Lose} 
26. Rxf7 b4 $1 27. Rxe7 b3 $1 28. cxb3 Qc6 $19 {[%cal Rc3c1] and White can't
stop black pawn.}) 26... b4 $36) 26. Qh7 $1 (26. Qxb5 Qxb5 27. Bxb5 Nd5 {
[%csl Gb2,Rc2,Gc3,Gd4][%cal Gd5e3]}) 26... d3 27. cxd3 Nxd3 (27... Qd4+ 28. Kg2
(28. Bf2 Qxe5) 28... Nd5 $132) 28. Qxf7 Qd4+ 29. Kh1 Qd5+ 30. Bf3 Qd7 31. g6 $1
Nc6 $2 {White managed to improve position in last few moves, but he got
advantage just after text. Black should play} (31... c2 $5 32. Bh4 (32. g7 c1=Q
33. Rxc1+ Nxc1 34. Bh4 Ng8 35. Qf8 Re8 36. Qc5+ Kb8 37. Qxc1 Qxg7 38. Bf2 $44)
32... Re8 33. g7 Nxe5 $1 $13 {with very interesting position} (33... c1=Q 34.
Rxc1+ Nxc1 35. Bxe7 $18) (33... Ng8 34. Qxd7+ $1 Kxd7 35. Be2 $1 c1=Q 36. Rxc1
Nxc1 37. Bxb5+ $18)) 32. Be4 Nc5 (32... Ndxe5 33. Qf6 Qd6 (33... Nc4 34. Qxc3
$18) 34. g7 $18) 33. Bh4 $1 (33. Bg2 b4) 33... Nxe5 (33... Nxe4 34. Bxd8 Qxd8
35. g7 Ne7 36. Qxe7 Qxe7 37. g8=Q+ Kd7 38. Rf7 $18) 34. Qxd7+ (34. Bxd8 Nxf7
35. gxf7 Nxe4 36. f8=Q Qxd8 37. Qg7 c2 $13) 34... Rxd7 35. Bg3 Nxg6 (35... Nxe4
36. Rf8+ Kc7 37. Bxe5+ Kb6 38. Rc8 $18) (35... Nc6 36. Rf8+ Nd8 37. Bc2 b4 38.
Bh4 $18) 36. Bxg6 Rg7 ({Maybe after} 36... b4 $5 {Khalifman will organize more
serious resistance}) 37. Be8 Nd7 (37... Ne4 38. Bxb5 Nxg3+ 39. hxg3 Rxg4 40.
Kg2 $18) 38. Bxd7+ (38. Bd6 $5 Rxg4 39. Rf7 Nb8 (39... c2 40. Bxd7+ Kd8 41. Ba3
$18) 40. Bxb5) 38... Kxd7 39. Be5 Rxg4 40. Bxc3 $18 b4 41. Bf6 b3 42. Bb2 {
[%cal Gf1f3]} Re4 43. Rf3 Rb4 44. Re3 Rb5 45. Kg2 Kd6 46. h4 e5 47. h5 (47. h5
Ke6 48. h6 Kf7 49. Rh3 Kg8 50. h7+ Kh8 51. Rh5) 1-0